Sociology : a synopsis of principles
Αποθηκεύτηκε σε:
| Κύριος συγγραφέας: | |
|---|---|
| Μορφή: | Βιβλίο |
| Γλώσσα: | English |
| Δημοσίευση: |
New York :
Appleton-Century-Crofts, Inc.,
c1947
|
| Θέματα: | |
| Ετικέτες: |
Προσθήκη ετικέτας
Δεν υπάρχουν, Καταχωρήστε ετικέτα πρώτοι!
|
MARC
| LEADER | 00000nam a2200000 i 4500 | ||
|---|---|---|---|
| 001 | 1/69189 | ||
| 008 | 990209s1947 eng d | ||
| 035 | |l 10047781 | ||
| 040 | |a GR-MY-UA |b gre |e aacr | ||
| 041 | 0 | |a eng | |
| 082 | 0 | |a 301 | |
| 100 | 1 | |a Cuber, John Frank |d 1911- | |
| 245 | 1 | 0 | |a Sociology : |b a synopsis of principles / |c John F. Cuber |
| 260 | |a New York : |b Appleton-Century-Crofts, Inc., |c c1947 | ||
| 300 | |a xiv, 590 p. | ||
| 504 | |a Includes index | ||
| 650 | 0 | 0 | |a Sociology. |
| 852 | |a INST |b CHIOS |e 19990209 |h 301 CUB |p 005200014909 |q 005200014909 |t BK |y 0 | ||
| 901 | |a BIBL-1999-1 | ||
| 909 | |a Χ |b 055314 | ||
| 922 | |a 2ΔΩΡ |b 199902 |d ΛΕΜΟΝΙΑ | ||